A history of modern psychology / (Record no. 176986)
[ view plain ]
| 000 -LEADER | |
|---|---|
| fixed length control field | 01351 a2200217 4500 |
| 003 - CONTROL NUMBER IDENTIFIER | |
| control field | Nust |
| 005 - DATE AND TIME OF LATEST TRANSACTION | |
| control field | 20221205102559.0 |
| 010 ## - LIBRARY OF CONGRESS CONTROL NUMBER | |
| LC control number | 2003103558 |
| 020 ## - INTERNATIONAL STANDARD BOOK NUMBER | |
| International Standard Book Number | (alk. paper) |
| 040 ## - CATALOGING SOURCE | |
| Transcribing agency | Nust |
| 082 ## - DEWEY DECIMAL CLASSIFICATION NUMBER | |
| Classification number | 150.19,SCH |
| 100 1# - MAIN ENTRY--PERSONAL NAME | |
| Personal name | Schultz, Duane P. |
| 9 (RLIN) | 37124 |
| 245 12 - TITLE STATEMENT | |
| Title | A history of modern psychology / |
| Statement of responsibility, etc. | Duane P. Schultz, Sydney Ellen Schultz. |
| 250 ## - EDITION STATEMENT | |
| Edition statement | 6th ed. |
| 260 ## - PUBLICATION, DISTRIBUTION, ETC. | |
| Place of publication, distribution, etc. | Belmont, CA : |
| Name of publisher, distributor, etc. | Thomson/Wadsworth, |
| Date of publication, distribution, etc. | c2004. |
| 300 ## - PHYSICAL DESCRIPTION | |
| Extent | xviii, 534 p. : |
| Other physical details | ill. ; |
| Dimensions | 25 cm. |
| 505 ## - FORMATTED CONTENTS NOTE | |
| Formatted contents note | The Study of the History of Psychology (Page-1), Philosophical in Influences on Psychology (Page-21), Physiological Influences on Psychology (Page-49), The New Psychology (Page-69), Structuralism (Page-99), Functionalism Antecedent Influences (Page-123), Functionalism Development and Founding (Page-147), Functionalism Legacy Applied Psychology (Page-179), Behaviorism Antecedent Influences (Page-225), Behaviorism the Beginning (Page-251), Behaviorism After the Foundation (Page-285), Gestalt Psychology (Page-321), Psychoanalysis the Beginnings (Page-355), Psychoanalysis Dissenters and Descendants (Page-401), Humanistic Psychology and Cognitive Psychology (Page-433), Gender and Race in the History of Psychology (Page-463). |
| 650 #0 - SUBJECT ADDED ENTRY--TOPICAL TERM | |
| Topical term or geographic name entry element | Psychology |
| General subdivision | History |
| 9 (RLIN) | 37026 |
| 700 1# - ADDED ENTRY--PERSONAL NAME | |
| Personal name | Schultz, Sydney Ellen. |
| 9 (RLIN) | 37125 |
| 942 ## - ADDED ENTRY ELEMENTS (KOHA) | |
| Source of classification or shelving scheme | |
| Koha item type | Book |
| Call number prefix | 150.19,SCH |
| Withdrawn status | Lost status | Source of classification or shelving scheme | Damaged status | Not for loan | Permanent Location | Current Location | Shelving location | Date acquired | Full call number | Barcode | Date last seen | Price effective from | Koha item type | Public note |
|---|---|---|---|---|---|---|---|---|---|---|---|---|---|---|
| Military College of Signals (MCS) | Military College of Signals (MCS) | General Stacks | 12/12/2016 | 150.19,SCH | MCS33603 | 12/08/2016 | 12/12/2016 | Book | Almirah No.46, Shelf No.3 | |||||
| Military College of Signals (MCS) | Military College of Signals (MCS) | General Stacks | 12/12/2016 | 150.19,SCH | MCS33604 | 12/08/2016 | 12/12/2016 | Book | Almirah No.73, Shelf No.1 |
